000 00560nam a22001817a 4500
999 _c169433
_d169433
005 20191119174405.0
010 _aENG-126930
020 _c400.00
_a9788179665152
035 _aEN-110462
037 _bDBAD/PUB
082 _a402
100 _aMadhivanan, R.
245 _aTholkappiyam and sabdhamani darpana /
_cby R Madhivanan
260 _aChennai
_bEmerald Publishers
_c2019
270 _a15A, First Floor, Casa Major Road
_e600008
_bChennai
_minfo@emeraldpublishers.com
300 _axi;315p.
_c21cm(pbk)
942 _2ddc
_cEN
_h402
_mMAD